| 000 | 01334 a2200301 4500 | ||
|---|---|---|---|
| 003 | OSt | ||
| 005 | 20180116192347.0 | ||
| 008 | 120531t xxu||||| |||| 00| 0 eng d | ||
| 010 | _a 86006374 | ||
| 020 | _a0486251624 (pbk.) : | ||
| 020 | _a9780486251622 | ||
| 040 | _c0 | ||
| 082 | 0 | 0 | _a746.44 |
| 245 | 0 | 0 |
_a400 floral motifs for designers, needleworkers, and craftspeople : _bfrom the Wm. Briggs and Company Ltd. "Album of transfer patterns" / _cedited by Carol Belanger Grafton. |
| 246 |
_aFour hundred floral motifs for designers, needleworkers, and craftspeople : _bfrom the Wm. Briggs and Company Ltd. "Album of transfer patterns" |
||
| 260 |
_aNew York : _bDover Publications, _c1986. |
||
| 300 |
_a117 p. : _bchiefly ill. ; _c29 cm. |
||
| 440 | 0 |
_aDover pictorial archive series _92835 |
|
| 650 | 1 | 0 |
_aEmbroidery _xPatterns. _92836 |
| 650 | 1 | 0 |
_aDecoration and ornament _xPlant forms. _92837 |
| 650 | 1 | 0 |
_aHouse furnishings. _92838 |
| 700 | 1 |
_aGrafton, Carol Belanger. _92839 |
|
| 710 | 2 | 2 |
_aWm. Briggs and Company. _92840 |
| 740 | 0 | _aFour hundred floral motifs for designers, needleworkers, and craftspeople. | |
| 856 | 4 | 2 |
_3Publisher description _uhttp://www.loc.gov/catdir/enhancements/fy0705/86006374-d.html |
| 942 |
_aSADA _cBK _k746.44 FLO 1986 _2ddc |
||
| 999 |
_c352797 _d352797 |
||